000 00525nam a2200193Ia 4500
003 OSt
005 20191223110706.0
008 190216s9999||||xx |||||||||||||| ||und||
020 _a9789327248265
040 _coclc
082 _a336
_bLEK/P
100 _aLekhi, R K
_9591
245 0 _aPublic Finance /
_cR K Lekhi ; Joginder Singh
250 _a10th ed.
260 _bKalyani Publishers,
_c2015.
_aNew Delhi:
300 _a818p
650 _aEcnomics
942 _cBK
_2ddc
_h336
_iLEK/P
_k336
_mLEK/P
999 _c11364
_d11364